000 00460nam a22001577a 4500
005 20151207154038.0
008 151207b xxu||||| |||| 00| 0 eng d
020 _a9789699739491
040 _cPK-LaUMT
082 _aMSC 327.295491
_bABD-P
100 _aعبدالوحید
245 _aپاکستان ایٹمی طاقت کیسے بنا
_cعبدالوحید
260 _aلاہور
_bجمہوری پبلیکیشنز
_c2013
300 _a252 ص
942 _cBK
999 _c80665
_d80665